| 000 | 00441nam a2200193Ia 4500 | ||
|---|---|---|---|
| 005 | 20250603145047.0 | ||
| 008 | 250603s9999 xx 000 0 und d | ||
| 020 | _a0421482508 | ||
| 050 | _aKN 200 .M2/ | ||
| 100 | _aMartin, Jull E. | ||
| 245 | 0 | _aHanbury & Martin Modern equity | |
| 250 | _a14th ed. | ||
| 260 | _aLondon | ||
| 260 | _bSweet & Maxwell Ltd, | ||
| 260 | _c1993 | ||
| 300 | _a925 p | ||
| 650 | _aLondon | ||
| 942 | _cBK | ||
| 999 |
_c40752 _d40752 |
||